Rhein-Neckar Löwen Kader 2025/26 - Statistiken

Allgemein
  • Dieses Quiz wurde 6 mal gespielt
  • Das Durchschnittsergebnis liegt bei 9 aus 16
Antwortstatistiken
Trikotnummer Name % Korrekt
80 Jannik Kohlbacher
100%
15 David Móré
80%
29 David Späth
80%
13 Sebastian Heymann
80%
24 Patrick Groetzki
60%
7 Robert Timmermeister
60%
8 Tim Nothdurft
60%
77 Dani Baijens
40%
78 Edwin Aspenbäck
40%
14 Gino Steenaerts
40%
45 Halil Jaganjac
40%
25 Haukur Thrastarson
40%
11 Lukas Sandell
40%
4 Mathias Larson
40%
20 Mike Jensen
40%
9 Steven Plucnar Jacobsen
40%
Keine übereinstimmenden Quizze gefunden
Verteilung der Resultate
Anzahl Personen mit jedem Resultat
Perzentil nach korrekt beantworteten Fragen
Ihre Resultats-Entwicklung
Sie haben dieses Quiz noch nicht gespielt